00583cam a22001572 4500001001100000005001700011008004100028040001500069100003500084245015100119250001300270260004100283300001900324502004500343650003700388000002499120151217161558.0140410s xx 000 0 eng d aKABUcKABU1 aTaragon, Geoffrey.@000018280110aUtilisation of micro finance institutions funds by borrowers in arid and semi-arid lands in Kenya :ba survey of Maralal Town /cGeoffrey Taragon. a1st ed. aNakuru :bKabarak University,c2012. axi, 39 leaves. aThesis (MBA) - Kabarak University, 2012. 0aMicrofinancezKenya.@0000182793